000 00473nmm a2200169Ia 4500
008 251105s9999||||xx |||||||||||||||||und||
020 _a9788490000854
041 _aspa
100 _aShowalter, Gena
245 0 _aEntrelazados
264 _a[Madrid, España] :
_bHarlequin,
_c[Fecha de publicación no identificada]
300 _a0 páginas
490 _a'Entrelazados'
650 _aRomance
856 _uhttps://public.digitaliapublishing.com/a/96030
942 _cCF
999 _c87141
_d87141